Loading...
Science - Chemistry | 0 | 5 | 0 | 0 | 50 | 105 | 118.20 | 3 | 5 |
History - American History | 0 | 5 | 1 | 1 | 45 | 32 | 91.60 | 1 | 5 |
Other | 0 | 4 | 0 | 0 | 40 | 43 | 72.50 | 3 | 4 |
Fine Arts - Classical Music | 0 | 4 | 0 | 0 | 40 | 100 | 119.00 | 2 | 4 |
History - European History | 0 | 4 | 1 | 1 | 35 | 41 | 96.75 | 2 | 4 |
Literature - World Literature | 0 | 3 | 0 | 0 | 30 | 109 | 132.33 | 0 | 3 |
History - Other History | 0 | 3 | 0 | 0 | 30 | 81 | 106.67 | 0 | 3 |
History - World History | 0 | 3 | 0 | 0 | 30 | 96 | 110.67 | 1 | 3 |
Science - Other Science | 0 | 3 | 0 | 2 | 30 | 73 | 108.33 | 1 | 3 |
Science - Physics | 0 | 3 | 0 | 1 | 30 | 102 | 115.33 | 0 | 3 |
Literature - American Literature | 0 | 3 | 1 | 1 | 25 | 114 | 132.67 | 1 | 3 |
Mythology | 0 | 2 | 0 | 0 | 20 | 125 | 129.00 | 1 | 2 |
Social Science | 0 | 2 | 0 | 0 | 20 | 112 | 116.00 | 0 | 2 |
Fine Arts - Other Fine Arts | 0 | 1 | 0 | 0 | 10 | 32 | 32.00 | 1 | 1 |
Literature - European Literature | 0 | 1 | 0 | 0 | 10 | 144 | 144.00 | 0 | 1 |
Religion | 0 | 1 | 1 | 0 | 5 | 107 | 107.00 | 0 | 1 |
Literature - British Literature | 0 | 1 | 2 | 0 | 0 | 132 | 132.00 | 0 | 1 |
Science - Biology | 0 | 0 | 2 | 0 | -10 | 0.00 | 0 | 0 |